000 00481nam a22001457a 4500
999 _c133920
_d133920
005 20240429103252.0
008 240429b ||||| |||| 00| 0 eng d
040 _cPK-LaUMT
082 _aAPC 133.6
_bMAM-H
100 _aM A Malik = ایم اے ملک
245 _aHath ki zuban = ہاتھ کی زبان (فن دست شناسی پر بے مثل کتاب) /
_cby M A Malik = ایم اے ملک
260 _aLahore :
_bMaktaban Chilman,
_c1971
300 _a3rd ed.
942 _cBK